School Subjects by Three Hints - Statistics

General Stats
  • This quiz has been taken 194 times
  • The average score is 14 of 22
Answer Stats
Hint Answer % Correct
Painting. Sculptures. Picasso. Art
91%
Piano. Tunes. Singing. Music
90%
Light. Motion. Einstein. Physics
90%
Numbers. Algebra. Addition. Maths
88%
WW2. Rome. Crusades. History
86%
Writing. Reading. Shakespeare. English
85%
Cells. Enzymes. Genetics. Biology
77%
Sodium. Bonding. Reactions. Chemistry
77%
Sport. Health. Athleticism. Physical Education
77%
Christianity. Islam. Judaism. Religion studies
77%
Biomes. Rocks. Flags. Geography
75%
Plays. Acting. Theatre. Drama
62%
Mind. Cognition. Behaviour. Psychology
62%
Stocks. Trade. Profit. Economics
56%
Space. Stars. Orbits. Astronomy
55%
Law. Rights. Justice. Legal Studies
53%
Sell. Buy. Management. Business Studies
46%
Logic. Ethics. Aristotle. Philosophy
43%
Coding. Technology. Algorithms. Computer Science
41%
Gears. Bridges. Aerodynamics. Engineering
39%
Body. Structure. Organs. Anatomy
35%
Humanity. Society. Culture. Sociology
23%
No matching quizzes found
Score Distribution
Percent of People with Each Score
Percentile by Number Answered
Your Score History
You have not taken this quiz